000 00373nam a2200133Ia 4500
008 151001s9999||||xx |||||||||||||| ||und||
100 _aभास्कर चिंधू चौधरी
245 _aसोळा कथा
250 _a1
260 _bअंजली प्रकाशन पुणे
260 _c1993
300 _a108
365 _b21
999 _c974321
_d974318